000 00870nam a2200205Ia 4500
003 GCL
008 140319s9999 xx 000 0 ara d
040 _aGCL /
_cGCL
082 0 4 _a235.2
_bا ص
100 1 _aموفق بن عبد الله بن عبد القادر
245 1 0 _aصيانة صحيح مسلم من الاخلال والغلط وحمايته من الاسقاط والسقط /
_cموفق بن عبد الله بن عبد القادر
700 1 _aابن الصلاح : تقى الدين ابوعمرو عثمان بن عبدالرحمن بن موسى الشهرزورى الدمشقى
700 1 _aموفق بن عبد الله عبد القادر (م
260 _a[S.N] :
_bدار الغرب الاسلامى ،
_c1987
300 _a359 ص
490 _a
650 0 4 _aصحيح مسلم
650 0 4 _aالحديث، علوم
942 _2ddc
_cBK
999 _c37358
_d37358